Public administration: administrative theories / (Record no. 157901)

MARC details
000 -LEADER
fixed length control field 00998nam a22002417a 4500
005 - DATE AND TIME OF LATEST TRANSACTION
control field 20190711104716.0
010 ## - LCCN (DPL NO)
LC control number B-709318 B-728453
020 ## - INTERNATIONAL STANDARD BOOK NUMBER
Terms of availability 825.00
International Standard Book Number 9788193413753
035 ## - SYSTEM CONTROL NUMBER
System control number B-709318
035 ## - SYSTEM CONTROL NUMBER
System control number B-728453
037 ## - SOURCE OF ACQUISITION
Source of stock number/acquisition RK Books
082 ## - DEWEY DECIMAL CLASSIFICATION NUMBER
Classification number 351
100 ## - MAIN ENTRY--PERSONAL NAME
Personal name Fadia,B.L.
245 ## - TITLE STATEMENT
Title Public administration: administrative theories /
Statement of responsibility, etc by B. L. Fadia [and] Kuldeep Fadia
250 ## - EDITION STATEMENT
Edition statement 14th rev. ed
260 ## - PUBLICATION, DISTRIBUTION, ETC. (IMPRINT)
Date of publication, distribution, etc 2018
Place of publication, distribution, etc Agra (U.P.)
Name of publisher, distributor, etc Sahitya Bhawan
270 ## - ADDRESS
Address C 17, Site C, Sikandra Industrial Area
City Agra
Postal code 282007
300 ## - PHYSICAL DESCRIPTION
Extent 1116p.
Dimensions 24cm(pbk)
500 ## - GENERAL NOTE
General note includes bibliographical references
942 ## - ADDED ENTRY ELEMENTS (KOHA)
Source of classification or shelving scheme Dewey Decimal Classification
Item type English Books
Classification part 351
Call number suffix FAD
Holdings
Withdrawn status Lost status Not for loan Collection code Home library Current library Date acquired Source of acquisition Cost, normal purchase price Full call number Barcode Copy number Cost, replacement price Koha item type Public note
      Fiction Ashok Vihar Ashok Vihar 08/10/2018 RK Books/IN1723/18-19/26-09-18/525/26-09-18/03-10-18 825.00 350 FAD B-709318 1 825.00 English Books  
      Non-fiction Kadipur Kadipur 05/07/2019 RK Books/IN569/2019-20/17.06.2019/09/06.06.2019/28.06.2019 825.00 351 FAD B-728453 1 825.00 English Books Spl. power

© Delhi Public Library
Hit Counter
free hit counter